000 00334nam a2200133Ia 4500
008 240624s9999 xx 000 0 und d
041 _aeng
082 _a300.072 KIS
100 _aKISH LESLIE
245 _aSTATISTICAL DESIGN FOR RESEARCH
260 _c2014
_aNew Delhi
_bWiley
300 _axxii, 267 p.; 22 cm.
365 _cRS
_b27.5
999 _c29592
_d29592